00744nam a2200217Ia 4500001000700000008004100007020001800048082002100066100002400087245009100111250001100202260002100213300001600234500005400250503009000304504002700394650002500421650003100446650002300477700002600500Z_2803220601s9999 xx 000 0 und d a968-18-3940-4 a636.082 L37 1993 aLasley, John Foster aGenética del mejoramiento del ganado / John Foster Lasley, traducción Gustavo Reta a2a ed. aMéxico : UTEHA axiv, 378 p. aLa biblioteca cuenta con la reimpresión de 1993 aej.1: C/E \ ej.2: C/E \ ej.3: (reposición del Hafez 636.0824 H32y 1980) \ ej.4: s/n aIncluye bibliografía a1. Ganado -- Cría  aGanadería -- Genética  aGenética animal  aReta, Gustavo, tr.Ì